00282 a2200097 4500020001500000082001800015245005600033260004700089300002700136650002100163 a072773170X a624.15136 RAI aGround and Soil ImprovementcEdited by C. A. Raison aLondon :bThomas Telford Publishing,c2004 a193p. :bill. ;c29 cm aSoil Improvement